000 00904nam a2200289 a 4500
001 34029
003 BD-RjUL
005 20211209052109.0
008 140512t1956 ilua b 000 0 eng u
020 _a0136871526
020 _a0136871453 (pbk.)
035 _a(BD-RjUL)34123
040 _aMAL
_dm.c.
_dOCL
_dBD-RJUL
_beng
_cDLC
041 _aeng
082 _a301.3
082 0 0 _a312.082
_bSPP 1956
100 1 _aSpengler, Joseph J.
_q(Joseph John),
_d1902-1991
_9102029
245 1 0 _aPopulation theory and policy :
_bselected readings /
_cedited by Joseph J. Spengler and Otis Dudley Duncan
260 _aGlencoe, Ill :
_bFree Press,
_c1956.
300 _ax, 522 p. ;
_bill. ;
_c24 cm
504 _a Includes bibliographical references
650 0 _aPopulation
_xCollections
_9103430
700 1 _aDuncan, Otis Dudley.
_96882
942 _2ddc
_cBK
999 _c34029
_d34029